R (on application of Lemon Land Ltd) v Hackney LBC (Record no. 68553)
[ view plain ]
| 000 -LEADER | |
|---|---|
| fixed length control field | 00877cam a2200193 4500 |
| 001 - CONTROL NUMBER | |
| control field | X115096 |
| 008 - FIXED-LENGTH DATA ELEMENTS--GENERAL INFORMATION | |
| fixed length control field | 011012n2001 000 0 eng u |
| 035 ## - SYSTEM CONTROL NUMBER | |
| System control number | (Sirsi) u115096 |
| 245 ## - TITLE STATEMENT | |
| Title | R (on application of Lemon Land Ltd) v Hackney LBC |
| 260 ## - PUBLICATION, DISTRIBUTION, ETC. | |
| Date of publication, distribution, etc. | 2001 |
| 490 ## - SERIES STATEMENT | |
| Series statement | Estates Gazette |
| Volume/sequential designation | {2001] 21 EG 165 (CS) (26/05/01) |
| 520 ## - SUMMARY, ETC. | |
| Summary, etc. | QBD 11 May 2001. Defendant local authority seeking to dispose of property - Claimant submitting offer - Defendant accepting rival offer - Claimant seeking to challenge decision - Whether defendant able to treat value of job creation as part of consideration - S123(2) of Local Government Act 1972 - Claim allowed. |
| 650 ## - SUBJECT ADDED ENTRY--TOPICAL TERM | |
| Topical term or geographic name entry element | R V HACKNEY LBC EX P LEMON LAND LTD |
| 650 ## - SUBJECT ADDED ENTRY--TOPICAL TERM | |
| Topical term or geographic name entry element | LOCAL AUTHORITY |
| 650 ## - SUBJECT ADDED ENTRY--TOPICAL TERM | |
| Topical term or geographic name entry element | DISPOSAL OF LAND |
| 650 ## - SUBJECT ADDED ENTRY--TOPICAL TERM | |
| Topical term or geographic name entry element | LOCAL GOVERNMENT ACT 1972 S123(2) |
| 690 ## - LOCAL SUBJECT ADDED ENTRY--TOPICAL TERM (OCLC, RLIN) | |
| Topical term or geographic name as entry element | PROPERTY AND LAND LAW-CASE LAW |
| 942 ## - ADDED ENTRY ELEMENTS (KOHA) | |
| Suppress in OPAC | 0 |
| Withdrawn status | Lost status | Source of classification or shelving scheme | Damaged status | Not for loan | Home library | Current library | Shelving location | Date acquired | Total Checkouts | Full call number | Barcode | Date last seen | Copy number | Price effective from | Koha item type |
|---|---|---|---|---|---|---|---|---|---|---|---|---|---|---|---|
| Dewey Decimal Classification | London | London | Journal article | 12/10/2001 | X115096 | 115096-1001 | 06/08/2019 | 1 | 06/08/2019 | Law report |